Pokémon - 9. Generation - Deutsch - Statistiken

Allgemein
  • Dieses Quiz wurde 46 mal gespielt
  • Das Durchschnittsergebnis liegt bei 63 aus 105
Antwortstatistiken
Hint Antwort % Korrekt
0906 Felori
96%
0909 Krokel
96%
0912 Kwaks
96%
0914 Bailonda
88%
0921 Pamo
88%
0911 Skelokrok
88%
0992 Eisenhand
83%
1006 Eisenkrieger
83%
0990 Eisenrad
83%
0907 Feliospa
83%
0915 Ferkuli
83%
0916 Fragrunz
83%
1007 Koraidon
83%
0910 Lokroko
83%
0908 Maskagato
83%
1008 Miraidon
83%
0922 Pamamo
83%
0923 Pamomamo
83%
0984 Riesenzahn
83%
0937 Azugladis
79%
0993 Eisenhals
79%
0913 Fuentente
79%
0935 Knarbon
79%
0936 Crimanzo
75%
0998 Espinodon
75%
0928 Olini
75%
0960 Schligda
75%
0961 Schligdri
75%
0941 Voltrean
75%
0940 Voltrel
75%
0927 Backel
71%
0997 Cryospino
71%
0982 Dummimisel
71%
1010 Eisenblatt
71%
0991 Eisenbündel
71%
0995 Eisendorn
71%
0994 Eisenfalter
71%
0996 Frospino
71%
0926 Hefel
71%
0988 Kriechflügel
71%
0919 Micrick
71%
0978 Nigiragi
71%
0930 Olithena
71%
0929 Olivinio
71%
0980 Suelord
71%
0964 Delfinator
67%
0981 Farigiraf
67%
0957 Forgita
67%
0999 Gierspenst
67%
0983 Gladimperio
67%
0959 Granforgita
67%
0920 Lextremo
67%
0963 Normifin
67%
0958 Tafforgita
67%
1009 Windewoge
67%
1005 Donnersichel
63%
0979 Epitaff
63%
0987 Flatterhaar
63%
0950 Klibbe
63%
0967 Mopex
63%
0918 Spinsidias
63%
0917 Tarundel
63%
0986 Wutpilz
63%
0925 Famieps
58%
0968 Schlurm
58%
0948 Tentagra
58%
0924 Zwieps
58%
0972 Friedwuff
54%
0971 Gruff
54%
1000 Monetigo
54%
0985 Brüllschweif
50%
0949 Tenterra
50%
0934 Saltigant
46%
0933 Sedisal
46%
0946 Weherba
46%
0973 Flaminkno
42%
0932 Geosali
42%
0966 Knattatox
42%
0965 Knattox
42%
0989 Sandfell
42%
0939 Wampitz
42%
0977 Heerashai
38%
1004 Yuyu
38%
1002 Baojian
33%
0938 Blipp
33%
0951 Chilingel
33%
1003 Dinglu
33%
0970 Lumiflora
33%
0969 Lumispross
33%
0956 Psiopatra
33%
0962 Adebom
29%
1001 Chongjian
29%
0974 Flaniwal
29%
0955 Flattutu
29%
0952 Halupenjo
29%
0947 Horrerba
29%
0975 Kolowal
29%
0931 Krawalloro
29%
0943 Mastifioso
29%
0953 Relluk
25%
0954 Skarabaks
25%
0976 Agiluza
21%
0942 Mobtiff
21%
0945 Affiti
17%
0944 Sproxi
17%
Keine übereinstimmenden Quizze gefunden
Verteilung der Resultate
Anzahl Personen mit jedem Resultat
Perzentil nach korrekt beantworteten Fragen
Ihre Resultats-Entwicklung
Sie haben dieses Quiz noch nicht gespielt